[Event "VI Open A Carnevale"]
[Site "Viareggio ITA"]
[Date "2001.02.??"]
[Round "1"]
[White "Vujovic, Milorad"]
[Black "Capraro, Fabio"]
[Result "1-0"]
[WhiteElo "2269"]
[BlackElo "1716"]
[PlyCount "63"]
[EventDate "2001.02.16"]

1. e4 c5 2. Nf3 e6 3. Qe2 Nc6 4. b3 Nf6 5. g3 Be7 6. Bb2 O-O 7. Bg2 d5 8. d3 b6
9. O-O Ba6 10. e5 Nd7 11. Re1 Re8 12. h4 f6 13. c4 Ndxe5 14. Nxe5 fxe5 15. Nc3
Nd4 16. Qd1 Rf8 17. cxd5 Bxh4 18. gxh4 Qxh4 19. Ne4 exd5 20. Ng3 Rxf2 21. Kxf2
Rf8+ 22. Kg1 Qxg3 23. Bxd4 cxd4 24. Qh5 Bxd3 25. Rxe5 Bg6 26. Qg5 Qf2+ 27. Kh2
Qb2 28. Rg1 d3 29. Rxd5 Qe2 30. Rd8 Be8 31. Rxd3 Rf6 32. Re3 1-0

[Event "VI Open A Carnevale"]
[Site "Viareggio ITA"]
[Date "2001.02.??"]
[Round "2"]
[White "Ausmins, Elmar"]
[Black "Scivales, Daniel"]
[Result "1-0"]
[WhiteElo "2335"]
[BlackElo "1916"]
[PlyCount "56"]
[EventDate "2001.02.16"]

1. d4 d5 2. Nf3 Nf6 3. c4 e6 4. Nc3 Be7 5. Bf4 c6 6. e3 O-O 7. Qc2 Nbd7 8. h3
Re8 9. a3 dxc4 10. Bxc4 Nd5 11. Bg3 Nxc3 12. bxc3 Bf6 13. O-O e5 14. Qa2 Re7
15. dxe5 Nxe5 16. Nxe5 Bxe5 17. Bxe5 Rxe5 18. Bxf7+ Kh8 19. Rad1 Qe7 20. Rd4
Bf5 21. Rfd1 Rf8 22. Bc4 b5 23. Bf1 Be6 24. Qb2 c5 25. R4d2 a6 26. c4 Bxc4 27.
Bxc4 bxc4 28. Rd7 Qe8 1-0

[Event "VI Open A Carnevale"]
[Site "Viareggio ITA"]
[Date "2001.02.??"]
[Round "2"]
[White "Biggi, Andrea"]
[Black "Tosoni, Augusto"]
[Result "1/2-1/2"]
[WhiteElo "1644"]
[BlackElo "2111"]
[PlyCount "143"]
[EventDate "2001.02.16"]

1. c4 Nf6 2. Nf3 g6 3. g3 Bg7 4. Bg2 O-O 5. Nc3 d6 6. Rb1 c6 7. b4 Bf5 8. d3
Ng4 9. Bd2 d5 10. cxd5 cxd5 11. h3 Nf6 12. Nd4 Bc8 13. e3 e5 14. Nde2 Nc6 15.
b5 Ne7 16. d4 e4 17. O-O h5 18. Qb3 Bf5 19. Kh2 b6 20. a4 Qd7 21. Na2 Nh7 22.
Bb4 Rfe8 23. Bxe7 Rxe7 24. Nb4 Ng5 25. Ng1 Nf3+ 26. Bxf3 exf3 27. Rbc1 Be4 28.
Rc6 h4 29. Qd1 Qf5 30. g4 Qd7 31. Nxf3 Ree8 32. Nd2 Bf8 33. Nxe4 dxe4 34. Qb3
Kg7 35. Rfc1 Rac8 36. Rxc8 Rxc8 37. Rxc8 Qxc8 38. Nc6 Bd6+ 39. Kg2 f5 40. Qd5
Qd7 41. gxf5 gxf5 42. Ne5 Qe7 43. Qc6 Kg8 44. Qc8+ Qf8 45. Qxf8+ Bxf8 46. Ng6
Bd6 47. Nxh4 f4 48. exf4 Bxf4 49. Ng6 Bc1 50. Ne5 Bb2 51. Nc6 Kf7 52. Kg3 Ke6
53. Nxa7 Bxd4 54. Nc6 Bf6 55. h4 Kd5 56. Kg4 Bc3 57. h5 Bd2 58. Ne7+ Kc4 59.
Nf5 Kb4 60. h6 Kxa4 61. h7 Bc3 62. Kf4 Kxb5 63. Kxe4 Kc4 64. Ne3+ Kc5 65. Nd5
Bg7 66. f4 Kd6 67. Nxb6 Ke6 68. Nd5 Bh8 69. Ne3 Kf6 70. Ng4+ Kg6 71. f5+ Kxh7
72. Kd5 1/2-1/2

[Event "VI Open A Carnevale"]
[Site "Viareggio ITA"]
[Date "2001.02.??"]
[Round "2"]
[White "Bondielli, Giorgio"]
[Black "Fercec, Nenad"]
[Result "0-1"]
[WhiteElo "1969"]
[BlackElo "2455"]
[PlyCount "50"]
[EventDate "2001.02.16"]

1. e4 c5 2. d4 cxd4 3. c3 Nf6 4. e5 Nd5 5. Bc4 Qc7 6. Qe2 e6 7. Nf3 dxc3 8.
bxc3 Nc6 9. O-O Nde7 10. Bf4 Ng6 11. Bg3 d6 12. exd6 Bxd6 13. Bxd6 Qxd6 14. Re1
O-O 15. Nbd2 Qc7 16. Nf1 b6 17. h4 Bb7 18. Ng3 h6 19. Bb3 Rad8 20. Bc2 Nce7 21.
h5 Nf4 22. Qe3 Ned5 23. Qe4 Nf6 24. Qe3 Ng4 25. Qc1 Nd3 0-1

[Event "VI Open A Carnevale"]
[Site "Viareggio ITA"]
[Date "2001.02.??"]
[Round "2"]
[White "Calugi, Francesco"]
[Black "Guanciale, Orazio"]
[Result "1/2-1/2"]
[WhiteElo "1798"]
[BlackElo "2156"]
[PlyCount "87"]
[EventDate "2001.02.16"]

1. e4 e6 2. d4 d5 3. e5 c5 4. c3 Qb6 5. Nf3 Nc6 6. Be2 cxd4 7. cxd4 Nh6 8. b3
Nf5 9. Bb2 Bb4+ 10. Kf1 O-O 11. Nc3 Qd8 12. g3 f6 13. Kg2 fxe5 14. dxe5 b6 15.
Rf1 Bb7 16. Kg1 a6 17. Qd3 d4 18. Ne4 Qd5 19. g4 Nxe5 20. Nxe5 Qxe5 21. gxf5
Bxe4 22. Qxd4 Qxd4 23. Bxd4 exf5 24. Bc4+ Kh8 25. Bxb6 Rf6 26. f3 Rg6+ 27. Kf2
Bxf3 28. Kxf3 Rxb6 29. Rad1 Rf8 30. h3 a5 31. Rd7 Rh6 32. Kg2 Rg6+ 33. Kf3 f4
34. Ke4 Rgf6 35. Rf3 g5 36. Ke5 h5 37. a4 Rg6 38. Bf7 Rg7 39. Ke6 Kh7 40. Bxh5
Rxd7 41. Kxd7 Kh6 42. Bg4 Rf7+ 43. Ke6 Re7+ 44. Kd5 1/2-1/2

[Event "VI Open A Carnevale"]
[Site "Viareggio ITA"]
[Date "2001.02.??"]
[Round "2"]
[White "Chilingirova, Pavlina"]
[Black "Carzolio, Luigi"]
[Result "1-0"]
[WhiteElo "2236"]
[BlackElo "1823"]
[PlyCount "92"]
[EventDate "2001.02.16"]

1. c4 Nc6 2. Nf3 e5 3. d3 f5 4. Nc3 Bb4 5. Bd2 Nf6 6. a3 Bxc3 7. Bxc3 d6 8. e3
O-O 9. Be2 Qe7 10. O-O Bd7 11. b4 Rac8 12. b5 Nd8 13. Qb3 Kh8 14. c5 Ne6 15.
cxd6 cxd6 16. d4 exd4 17. Nxd4 Nc5 18. Qb4 f4 19. exf4 Nd5 20. Qc4 Nxf4 21. Bf3
Qg5 22. Kh1 Nfd3 23. Qa2 Ne5 24. Rad1 Rf6 25. Bd5 Rcf8 26. Nf3 Qh5 27. Qe2 Rh6
28. Bxe5 dxe5 29. Qxe5 Qxe5 30. Nxe5 Bxb5 31. Nf7+ Rxf7 32. Bxf7 g5 33. Rd8+
Kg7 34. Rc1 b6 35. Bc4 Bc6 36. Re1 Ne4 37. Rg8+ Kf6 38. f3 Nc5 39. Kg1 Rh4 40.
Ba2 Ra4 41. Re3 Rd4 42. Rf8+ Kg7 43. Rf7+ Kg6 44. Rxa7 Rd2 45. Bf7+ Kf6 46. Bh5
Bd5 1-0

[Event "VI Open A Carnevale"]
[Site "Viareggio ITA"]
[Date "2001.02.??"]
[Round "2"]
[White "Colovic, Aleksandar"]
[Black "Squarci, Franco"]
[Result "1-0"]
[WhiteElo "2421"]
[BlackElo "2052"]
[PlyCount "98"]
[EventDate "2001.02.16"]

1. e4 c5 2. Nf3 e6 3. Nc3 Nc6 4. d4 cxd4 5. Nxd4 a6 6. Be3 Nf6 7. Bd3 Be7 8. f4
d6 9. Qf3 Qc7 10. O-O h5 11. h3 Nxd4 12. Bxd4 Qc6 13. Qf2 h4 14. e5 Nh5 15.
exd6 Bxd6 16. Qxh4 Bc5 17. Qf2 Bxd4 18. Qxd4 Nf6 19. Ne4 Rh6 20. Nxf6+ gxf6 21.
Be4 Qc7 22. Rf3 Bd7 23. Rd1 Bc6 24. Bxc6+ bxc6 25. Rc3 a5 26. Qc5 Ra6 27. Rd6
Rh5 28. Rxe6+ fxe6 29. Qxh5+ Qf7 30. Qh8+ Qf8 31. Qxf8+ Kxf8 32. a4 Ke7 33. h4
f5 34. b3 Kd6 35. Kf2 c5 36. Rd3+ Ke7 37. h5 Ra8 38. h6 Rh8 39. Rh3 Rh7 40. Kf3
Kf6 41. g4 Kg6 42. g5 Rd7 43. h7 Rxh7 44. Rxh7 Kxh7 45. Kg3 Kg7 46. Kh4 Kf7 47.
Kh5 e5 48. g6+ Kf6 49. fxe5+ Kxe5 1-0

[Event "VI Open A Carnevale"]
[Site "Viareggio ITA"]
[Date "2001.02.??"]
[Round "2"]
[White "Corvi, Marco"]
[Black "Miatello, Alberto"]
[Result "1-0"]
[WhiteElo "2326"]
[BlackElo "1869"]
[PlyCount "88"]
[EventDate "2001.02.16"]

1. d4 Nf6 2. Nf3 g6 3. Nc3 d5 4. g3 Bg7 5. Bg2 O-O 6. Bf4 c6 7. O-O Nbd7 8. Re1
Nh5 9. Bg5 h6 10. Bd2 f5 11. Bf4 g5 12. Be5 Nxe5 13. Nxe5 Qd6 14. e4 Nf6 15.
exd5 Nxd5 16. Nxd5 cxd5 17. f4 g4 18. c3 e6 19. Qb3 Rb8 20. Re3 b5 21. Qb4 Bxe5
22. Rxe5 Qxb4 23. cxb4 Bd7 24. Rc1 Rfc8 25. Rc5 Rb6 26. Kf2 Ra6 27. a3 Kf7 28.
Re3 Rxc5 29. dxc5 Rc6 30. Rc3 Rc8 31. Ke3 Kf6 32. Kd4 Bc6 33. Bf1 Re8 34. a4
Rb8 35. axb5 Bxb5 36. Bxb5 Rxb5 37. c6 Rxb4+ 38. Kc5 d4 39. Rc2 Rb8 40. c7 Re8
41. Kd6 d3 42. Rd2 Rc8 43. Rxd3 Rxc7 44. Kxc7 e5 1-0

[Event "VI Open A Carnevale"]
[Site "Viareggio ITA"]
[Date "2001.02.??"]
[Round "2"]
[White "Federico, Giancarlo"]
[Black "Vismara, Daniele"]
[Result "0-1"]
[WhiteElo "1812"]
[BlackElo "2231"]
[PlyCount "68"]
[EventDate "2001.02.16"]

1. c4 c6 2. d4 d5 3. Nf3 Nf6 4. cxd5 cxd5 5. Bf4 Nc6 6. Nc3 a6 7. e3 Bg4 8. h3
Bxf3 9. Qxf3 e6 10. a3 Qb6 11. Qd1 Qd8 12. Bd3 Bd6 13. Bxd6 Qxd6 14. Rc1 O-O
15. O-O b5 16. Qe2 Na5 17. Rfd1 Rfc8 18. e4 Qd8 19. e5 Nd7 20. f4 g6 21. g4 Nb3
22. Qf2 Nxc1 23. Rxc1 f6 24. f5 exf5 25. e6 Nb6 26. gxf5 g5 27. Qf3 Ra7 28. Re1
Qd6 29. Kg2 Qf4 30. Qxf4 gxf4 31. Kf3 Kf8 32. Kxf4 Rg7 33. Re2 Ke7 34. a4 b4
0-1

[Event "VI Open A Carnevale"]
[Site "Viareggio ITA"]
[Date "2001.02.??"]
[Round "2"]
[White "Lahiri, Atanu"]
[Black "Pedemonte, Claudio"]
[Result "1-0"]
[WhiteElo "2394"]
[BlackElo "1650"]
[PlyCount "57"]
[EventDate "2001.02.16"]

1. d4 Nf6 2. c4 e6 3. Nc3 Bb4 4. e3 O-O 5. Nf3 c5 6. Bd3 d5 7. O-O Nc6 8. a3
Bxc3 9. bxc3 cxd4 10. cxd4 dxc4 11. Bxc4 b6 12. a4 Bb7 13. Ba3 Re8 14. Qe2 a6
15. Bd3 e5 16. dxe5 Nxe5 17. Nxe5 Rxe5 18. Rfd1 Qe8 19. Bd6 Qc6 20. f3 Re6 21.
Bg3 Nd5 22. Rac1 Qxa4 23. Bc4 Rxe3 24. Qd2 Ree8 25. Bxd5 Rad8 26. Qa2 Qd7 27.
Rc7 Qb5 28. Rxb7 Re2 29. Bxf7+ 1-0

[Event "VI Open A Carnevale"]
[Site "Viareggio ITA"]
[Date "2001.02.??"]
[Round "2"]
[White "Minikh, Edouard"]
[Black "Vujovic, Milorad"]
[Result "1-0"]
[WhiteElo "1816"]
[BlackElo "2269"]
[PlyCount "71"]
[EventDate "2001.02.16"]

1. d4 Nf6 2. c4 e6 3. Nc3 Bb4 4. e3 Bxc3+ 5. bxc3 c5 6. Nf3 d6 7. Bd3 Nc6 8.
O-O b6 9. e4 e5 10. d5 Na5 11. Nd2 Ba6 12. Qe2 Qd7 13. Nb3 Qa4 14. Nxa5 bxa5
15. f4 Nd7 16. Rb1 O-O-O 17. Rb3 Nb6 18. Ra3 Qe8 19. Rxa5 Kb7 20. fxe5 dxe5 21.
Qb2 Ra8 22. Be3 f6 23. Bxc5 Rc8 24. Qa3 Rxc5 25. Qxc5 Qc8 26. Qa3 Nxc4 27. Bxc4
Qxc4 28. Rb1+ Ka8 29. Rxa6 Qc7 30. d6 Qd7 31. c4 Rc8 32. c5 Rb8 33. Rxb8+ Kxb8
34. c6 Qf7 35. Qb4+ Kc8 36. d7+ 1-0

[Event "VI Open A Carnevale"]
[Site "Viareggio ITA"]
[Date "2001.02.??"]
[Round "2"]
[White "Nelli, Luca"]
[Black "Frugoli, Francesco"]
[Result "1-0"]
[WhiteElo "2184"]
[BlackElo "1813"]
[PlyCount "77"]
[EventDate "2001.02.16"]

1. c4 e5 2. Nc3 Nc6 3. g3 g6 4. e3 Bg7 5. Bg2 d6 6. Nge2 f5 7. O-O Nf6 8. d3
O-O 9. Rb1 a5 10. a3 g5 11. b4 axb4 12. axb4 Ne7 13. Qb3 Kh8 14. Bd2 Ng6 15.
Ra1 Rxa1 16. Rxa1 f4 17. Ra8 fxg3 18. hxg3 Qe7 19. Qa4 h5 20. Rb8 Nd7 21. Rxc8
Rxc8 22. Bxb7 Rf8 23. Bg2 g4 24. Nd5 Qf7 25. Be1 Nf6 26. Nec3 Nh7 27. Ne4 h4
28. b5 h3 29. Bh1 Bh6 30. Qa7 Ne7 31. Nxe7 Qxe7 32. b6 h2+ 33. Kxh2 Rf5 34.
Qxc7 Rh5+ 35. Kg1 Qf8 36. Bg2 Rg5 37. b7 Rg8 38. Bb4 Bg5 39. Bxd6 1-0

[Event "VI Open A Carnevale"]
[Site "Viareggio ITA"]
[Date "2001.02.??"]
[Round "2"]
[White "Pastorini, Mario"]
[Black "Lasio, Millo"]
[Result "1/2-1/2"]
[WhiteElo "2160"]
[BlackElo "1809"]
[PlyCount "93"]
[EventDate "2001.02.16"]

1. c4 e6 2. Nf3 Nf6 3. g3 b6 4. Bg2 Bb7 5. O-O Be7 6. b3 O-O 7. Bb2 d5 8. e3
Nbd7 9. Qe2 a5 10. Nc3 dxc4 11. bxc4 Nc5 12. d4 Nce4 13. Nxe4 Bxe4 14. Rfd1 Qc8
15. Ne5 Bxg2 16. Kxg2 Qb7+ 17. Qf3 Ne4 18. d5 exd5 19. cxd5 f5 20. Nc6 Bd6 21.
Qe2 Rae8 22. Qd3 Rf7 23. Rac1 Qc8 24. Nd4 Nc5 25. Qf1 Qd8 26. Nb5 h5 27. Nxd6
cxd6 28. Kg1 Qg5 29. Qg2 Re4 30. Bd4 h4 31. Rb1 hxg3 32. hxg3 Qd8 33. Qh3 Rg4
34. Qh5 Nd7 35. Kg2 Nf6 36. Bxf6 Rxf6 37. Rh1 Qe7 38. Qh7+ Kf7 39. Rxb6 Qe4+
40. Kf1 Qd3+ 41. Ke1 Qc3+ 42. Ke2 Qc2+ 43. Ke1 Qc3+ 44. Ke2 Qc4+ 45. Ke1 Qxd5
46. Rh4 Rxh4 47. Qxh4 1/2-1/2

[Event "VI Open A Carnevale"]
[Site "Viareggio ITA"]
[Date "2001.02.??"]
[Round "2"]
[White "Pieraccini, Riccardo"]
[Black "Aleksic, Nenad"]
[Result "1/2-1/2"]
[WhiteElo "2143"]
[BlackElo "2417"]
[PlyCount "52"]
[EventDate "2001.02.16"]

1. d4 Nf6 2. g3 c5 3. dxc5 e6 4. Bg2 Bxc5 5. Nf3 O-O 6. O-O Nc6 7. Nc3 Be7 8.
Nd4 a6 9. a4 Qc7 10. Re1 d6 11. e4 Bd7 12. Be3 Ne5 13. h3 Rab8 14. Nf3 Nc4 15.
Bc1 b6 16. Ne2 Nxe4 17. b3 Na5 18. Nf4 Nf6 19. Bb2 Bc6 20. Qd3 Ra8 21. Ng5 g6
22. Ngxe6 fxe6 23. Nxe6 Qd7 24. Nxf8 Kxf8 25. Bxc6 Qxc6 26. Re6 Ng8 1/2-1/2

[Event "VI Open A Carnevale"]
[Site "Viareggio ITA"]
[Date "2001.02.??"]
[Round "2"]
[White "Tagliagambe, Stefano"]
[Black "Scalcione, Michelangelo"]
[Result "0-1"]
[WhiteElo "2035"]
[BlackElo "2177"]
[PlyCount "94"]
[EventDate "2001.02.16"]

1. Nf3 Nf6 2. c4 g6 3. b3 Bg7 4. Bb2 O-O 5. g3 d6 6. d4 c6 7. Bg2 Qa5+ 8. Qd2
Qh5 9. Qg5 Bg4 10. Nbd2 h6 11. Qxh5 Nxh5 12. h3 Bd7 13. e3 Na6 14. Ke2 c5 15.
g4 Nf6 16. a4 h5 17. Nh4 Rab8 18. g5 Nh7 19. Nhf3 Bc6 20. Rab1 Nxg5 21. d5 Nxf3
22. Bxg7 Kxg7 23. dxc6 Nxd2 24. Kxd2 bxc6 25. Bxc6 Rb4 26. Be4 Rfb8 27. Kc3 Nc7
28. Rhd1 Kf6 29. f4 Ke6 30. Bf3 Kd7 31. f5 gxf5 32. Bxh5 Rh8 33. Bxf7 Rxh3 34.
Rd3 e6 35. Rg1 Ke7 36. Bg8 Ne8 37. Rg6 e5 38. Be6 Rf3 39. Bd5 e4 40. Re6+ Kd7
41. Bxe4 fxe4 42. Rxe4 Nf6 43. Rh4 Rf2 44. Rf4 Rxf4 45. exf4 Ne4+ 46. Kc2 Ke6
47. Re3 Kf5 0-1

[Event "VI Open A Carnevale"]
[Site "Viareggio ITA"]
[Date "2001.02.??"]
[Round "3"]
[White "Aglietti, Graziano"]
[Black "Ausmins, Elmar"]
[Result "0-1"]
[WhiteElo "2087"]
[BlackElo "2335"]
[PlyCount "80"]
[EventDate "2001.02.16"]

1. c4 Nf6 2. Nc3 g6 3. g3 Bg7 4. Bg2 O-O 5. Nf3 d6 6. O-O a6 7. d3 c5 8. Bg5
Nc6 9. Qd2 Rb8 10. Bh6 b5 11. Bxg7 Kxg7 12. Ng5 Nd4 13. e3 Ne6 14. Nge4 Nxe4
15. Nxe4 Bb7 16. f4 f5 17. Nc3 Bxg2 18. Qxg2 Nc7 19. g4 fxg4 20. cxb5 Nxb5 21.
Ne4 Qc8 22. Nf2 h5 23. h3 gxh3 24. Nxh3 Qg4 25. Qxg4 hxg4 26. Nf2 Nc7 27. b3 g3
28. Ne4 Nd5 29. Rfe1 Nb4 30. Re2 Nxd3 31. Nxg3 a5 32. Rd1 Nb4 33. Rg2 a4 34. f5
axb3 35. axb3 Nc6 36. fxg6 Ne5 37. Nh5+ Kg8 38. Rb1 Nf3+ 39. Kh1 Rb4 40. Nf4 e5
0-1

[Event "VI Open A Carnevale"]
[Site "Viareggio ITA"]
[Date "2001.02.??"]
[Round "3"]
[White "Aleksic, Nenad"]
[Black "Calugi, Francesco"]
[Result "1-0"]
[WhiteElo "2417"]
[BlackElo "1798"]
[PlyCount "106"]
[EventDate "2001.02.16"]

1. e4 c5 2. Nf3 d6 3. d4 cxd4 4. Nxd4 Nf6 5. Nc3 g6 6. Bc4 Bg7 7. h3 O-O 8. O-O
Nc6 9. Be3 a6 10. Bb3 Na5 11. Re1 Nxb3 12. axb3 Bd7 13. Qd2 Qc7 14. Nd5 Nxd5
15. exd5 e5 16. dxe6 fxe6 17. Rad1 Rac8 18. c3 d5 19. Bh6 e5 20. Bxg7 Kxg7 21.
Nf3 Rxf3 22. gxf3 Bc6 23. Qg5 h6 24. Qg3 Qe7 25. Re3 Qf6 26. Kh2 g5 27. Rde1 e4
28. Kg1 Rf8 29. fxe4 dxe4 30. Rxe4 Bxe4 31. Rxe4 Rf7 32. Qe3 Qf5 33. b4 Qg6 34.
Qd4+ Kh7 35. Re8 Rg7 36. Qe4 Qxe4 37. Rxe4 Kg6 38. Re6+ Kh5 39. b5 axb5 40. Rb6
g4 41. Rxb5+ Kh4 42. hxg4 Kxg4 43. Kg2 Kf4+ 44. Kh3 Ke4 45. Kh4 Kf3 46. Rf5+
Ke4 47. Rf6 Kd3 48. Rxh6 b5 49. Rh5 Kc4 50. Rf5 Rg1 51. Rf4+ Kc5 52. b4+ Kd5
53. Rf5+ Kc6 1-0

[Event "VI Open A Carnevale"]
[Site "Viareggio ITA"]
[Date "2001.02.??"]
[Round "3"]
[White "Bini, Lorenzo"]
[Black "Corvi, Marco"]
[Result "1/2-1/2"]
[WhiteElo "2054"]
[BlackElo "2326"]
[PlyCount "76"]
[EventDate "2001.02.16"]

1. d3 d5 2. f4 Nf6 3. Nf3 g6 4. g3 Bg7 5. Bg2 O-O 6. c3 c5 7. Qc2 Nc6 8. O-O
Qb6 9. h3 c4+ 10. Kh2 cxd3 11. exd3 Bd7 12. Qe2 Qa6 13. Re1 Bf5 14. Bf1 Rad8
15. g4 Bc8 16. Be3 Rfe8 17. Qf2 Bxg4 18. Ne5 Bf5 19. Bc5 Nxe5 20. fxe5 Nd7 21.
d4 Qe6 22. Ba3 g5 23. Nd2 Qg6 24. Re3 e6 25. Be2 f6 26. exf6 Bxf6 27. Rf1 Be7
28. Bxe7 Rxe7 29. Rg3 h6 30. Nf3 Rf8 31. Qe3 Rg7 32. Bb5 Be4 33. Bxd7 Rxd7 34.
Nxg5 hxg5 35. Rxg5 Rxf1 36. Rxg6+ Bxg6 37. Qxe6+ Rdf7 38. Qxg6+ Rg7 1/2-1/2

[Event "VI Open A Carnevale"]
[Site "Viareggio ITA"]
[Date "2001.02.??"]
[Round "3"]
[White "Caposciutti, Maurizio"]
[Black "Biggi, Andrea"]
[Result "1-0"]
[WhiteElo "2355"]
[BlackElo "1644"]
[PlyCount "93"]
[EventDate "2001.02.16"]

1. Nf3 g6 2. d4 Bg7 3. e4 c6 4. Nc3 d5 5. h3 Nf6 6. Bd3 dxe4 7. Nxe4 Nxe4 8.
Bxe4 O-O 9. O-O Nd7 10. c3 Nf6 11. Bc2 Qc7 12. Qe2 b6 13. Re1 Re8 14. Ne5 Be6
15. Bb3 Bxb3 16. axb3 a5 17. Qc4 e6 18. Qxc6 Qxc6 19. Nxc6 Rac8 20. Na7 Rc7 21.
Nb5 Rd7 22. c4 Red8 23. Be3 Ne8 24. d5 exd5 25. Bxb6 Rb8 26. c5 Rdb7 27. Rxa5
Bxb2 28. Ra7 Rxa7 29. Nxa7 Kf8 30. b4 Bc3 31. Rd1 d4 32. b5 Rb7 33. Kf1 Nd6 34.
Ke2 Nc4 35. Rb1 Nxb6 36. cxb6 Rxb6 37. Kd3 Ke8 38. Nc6 Kd7 39. Nxd4 Bxd4 40.
Kxd4 Kd6 41. g4 h6 42. h4 Rb7 43. b6 Kc6 44. Ke5 Kc5 45. Kf6 Kd5 46. Kg7 f5+
47. Kxh6 1-0

[Event "VI Open A Carnevale"]
[Site "Viareggio ITA"]
[Date "2001.02.??"]
[Round "3"]
[White "Fercec, Nenad"]
[Black "Nelli, Luca"]
[Result "1-0"]
[WhiteElo "2455"]
[BlackElo "2184"]
[PlyCount "33"]
[EventDate "2001.02.16"]

1. e4 e5 2. Nf3 f5 3. Nxe5 Qf6 4. Nc4 fxe4 5. Ne3 c6 6. d3 exd3 7. Bxd3 d5 8.
O-O Bd6 9. c4 d4 10. c5 Bc7 11. Nc4 Ne7 12. Qh5+ g6 13. Bg5 Qf7 14. Qe2 Kf8 15.
Bh6+ Kg8 16. Re1 Bf5 17. Bxf5 1-0

[Event "VI Open A Carnevale"]
[Site "Viareggio ITA"]
[Date "2001.02.??"]
[Round "3"]
[White "Guanciale, Orazio"]
[Black "Pircher, Karl"]
[Result "1/2-1/2"]
[WhiteElo "2156"]
[BlackElo "2041"]
[PlyCount "32"]
[EventDate "2001.02.16"]

1. e4 e6 2. d4 d5 3. Nc3 Nf6 4. Bg5 Be7 5. e5 Nfd7 6. h4 a6 7. Qg4 Bxg5 8. hxg5
c5 9. dxc5 Nxe5 10. Qg3 Nbc6 11. O-O-O Qe7 12. f4 Ng6 13. f5 Nge5 14. g6 fxg6
15. fxg6 h6 16. Rh5 Qf6 1/2-1/2

[Event "VI Open A Carnevale"]
[Site "Viareggio ITA"]
[Date "2001.02.??"]
[Round "3"]
[White "Lasio, Millo"]
[Black "Efimov, Igor"]
[Result "0-1"]
[WhiteElo "1809"]
[BlackElo "2480"]
[PlyCount "68"]
[EventDate "2001.02.16"]

1. d4 Nf6 2. e3 d6 3. f4 g6 4. Nf3 Bg7 5. Bc4 O-O 6. O-O Qe8 7. Bd2 b5 8. Bd3
c5 9. c3 Bb7 10. Qe2 c4 11. Bc2 Nbd7 12. e4 e5 13. fxe5 dxe5 14. d5 Nc5 15. Ng5
Qe7 16. Nh3 h6 17. Qf3 a6 18. Na3 Ne8 19. Be3 Rc8 20. Qf2 f5 21. Bxc5 Rxc5 22.
Rad1 fxe4 23. Qe3 Rxd5 24. Bxe4 Rxd1 25. Rxd1 Bxe4 26. Qxe4 Kh7 27. Nc2 Nf6 28.
Qc6 Qa7+ 29. Kh1 Ng4 30. Nb4 Qf7 31. Rg1 Qf5 32. Nd5 Qd3 33. Ne7 Rf1 34. Qc5
Bf8 0-1

[Event "VI Open A Carnevale"]
[Site "Viareggio ITA"]
[Date "2001.02.??"]
[Round "3"]
[White "Minikh, Edouard"]
[Black "Chilingirova, Pavlina"]
[Result "0-1"]
[WhiteElo "1816"]
[BlackElo "2236"]
[PlyCount "144"]
[EventDate "2001.02.16"]

1. d4 d6 2. c4 e5 3. dxe5 dxe5 4. Qxd8+ Kxd8 5. Nf3 f6 6. Nc3 c6 7. a3 Be6 8.
e3 a5 9. b3 Nd7 10. Na4 Kc7 11. Bb2 Nc5 12. Nxc5 Bxc5 13. Nd2 Bf5 14. h3 h5 15.
g3 Nh6 16. Bg2 Nf7 17. Ne4 Be7 18. O-O Rhd8 19. Rfd1 Rxd1+ 20. Rxd1 Nd8 21. Rd2
Ne6 22. Kf1 Nc5 23. Nxc5 Bxc5 24. e4 Be6 25. Ke1 Rd8 26. Bc3 Rxd2 27. Bxa5+ Kd6
28. Bxd2 Bxa3 29. Kd1 b5 30. Bf1 bxc4 31. bxc4 Kc5 32. Be3+ Kb4 33. c5 Bc4 34.
Bg2 Kb5 35. Kc2 Bxc5 36. Bxc5 Kxc5 37. Kc3 h4 38. gxh4 Be2 39. Kd2 Bh5 40. Kc3
Be2 41. Kd2 Bc4 42. Kc3 Be6 43. h5 Bc4 44. Bf3 Bf1 45. h4 Bh3 46. h6 gxh6 47.
Bh5 f5 48. exf5 Bxf5 49. Bf3 e4 50. Bd1 Kd5 51. Be2 c5 52. Bd1 Be6 53. f3 exf3
54. Bxf3+ Ke5 55. Bh5 Kf4 56. Be8 Kg4 57. h5 Kf4 58. Bg6 Ke5 59. Be8 Bf5 60.
Kc4 Kd6 61. Bf7 Bg4 62. Bg6 Bd7 63. Kc3 Ke5 64. Kd2 Bb5 65. Kc3 Kf4 66. Kb3 Kg5
67. Kc3 Be2 68. Be4 Kxh5 69. Kd2 Bb5 70. Ke3 Kg5 71. Kf3 Bd7 72. Ke2 h5 0-1

[Event "VI Open A Carnevale"]
[Site "Viareggio ITA"]
[Date "2001.02.??"]
[Round "3"]
[White "Onesti, Luca"]
[Black "Sinelnikov, Igor"]
[Result "0-1"]
[WhiteElo "1735"]
[BlackElo "2107"]
[PlyCount "66"]
[EventDate "2001.02.16"]

1. e4 d6 2. d4 Nf6 3. Nc3 g6 4. Be3 Bg7 5. f4 O-O 6. Nf3 Nbd7 7. Bd3 c5 8. O-O
Ng4 9. Qe1 Nxe3 10. Qxe3 cxd4 11. Nxd4 Qb6 12. Nce2 e5 13. f5 exd4 14. Qg5 Qd8
15. Qg3 Nc5 16. h4 Qe7 17. h5 g5 18. Qg4 Bd7 19. h6 Be5 20. Rf3 f6 21. Bc4+ Kh8
22. Raf1 Nxe4 23. Rd3 Nc5 24. Rh3 d3 25. cxd3 Bxb2 26. Bd5 Qe5 27. Bc4 b5 28.
Be6 Nxe6 29. fxe6 Bxe6 30. Qh5 Bxh3 31. Qxh3 Qxe2 32. Rf3 Qe1+ 33. Rf1 Bd4+ 0-1

[Event "VI Open A Carnevale"]
[Site "Viareggio ITA"]
[Date "2001.02.??"]
[Round "3"]
[White "Picard, Clement"]
[Black "Pastorini, Mario"]
[Result "0-1"]
[WhiteElo "2143"]
[BlackElo "2160"]
[PlyCount "90"]
[EventDate "2001.02.16"]

1. e4 c5 2. Nc3 Nc6 3. g3 g6 4. Bg2 Bg7 5. d3 Nf6 6. Be3 d6 7. h3 Rb8 8. f4 Nd7
9. Nf3 Nd4 10. O-O b5 11. Qd2 b4 12. Nd1 O-O 13. Kh2 a5 14. Rb1 Ba6 15. Nf2 a4
16. Rfd1 b3 17. axb3 axb3 18. c3 Nc2 19. Ne1 Nxe3 20. Qxe3 Bb7 21. Nf3 Ra8 22.
Nd2 Qb6 23. Qe1 Ra2 24. Ng4 Qb5 25. Nc4 Nb6 26. Nxb6 Qxb6 27. Ne3 e6 28. Rdc1
Rd8 29. Qd1 f5 30. Nc4 Qb5 31. Na3 Qa4 32. Qe2 e5 33. exf5 Bxg2 34. Qxg2 exf4
35. Qd5+ Kh8 36. Re1 Qxa3 37. Re2 Qa8 38. Qxb3 fxg3+ 39. Kxg3 Be5+ 40. Kf2 Rf8
41. Rxe5 dxe5 42. Qe6 Rxf5+ 43. Kg1 Rg5+ 44. Kf1 Qf8+ 45. Ke2 Rg2+ 0-1

[Event "VI Open A Carnevale"]
[Site "Viareggio ITA"]
[Date "2001.02.??"]
[Round "3"]
[White "Scalcione, Michelangelo"]
[Black "Lahiri, Atanu"]
[Result "0-1"]
[WhiteElo "2177"]
[BlackElo "2394"]
[PlyCount "58"]
[EventDate "2001.02.16"]

1. Nf3 d5 2. d4 e6 3. c4 Nf6 4. Nc3 Bb4 5. Qb3 c5 6. dxc5 Nc6 7. a3 Bxc5 8.
cxd5 Nxd5 9. Bg5 f6 10. Bd2 Nxc3 11. Bxc3 O-O 12. Rd1 Qe7 13. e3 Kh8 14. Bd3 e5
15. Qc2 f5 16. Bb5 e4 17. Bxc6 bxc6 18. Ne5 Qc7 19. b4 Bd6 20. Nxc6 Ba6 21. Nd4
Bd3 22. Qb2 Rac8 23. Rc1 Be5 24. g3 f4 25. gxf4 Bxd4 26. exd4 Qxf4 27. d5 e3
28. Bxg7+ Kg8 29. Bxf8 Rxc1+ 0-1

[Event "VI Open A Carnevale"]
[Site "Viareggio ITA"]
[Date "2001.02.??"]
[Round "3"]
[White "Squarci, Franco"]
[Black "Casarosa, Michele"]
[Result "1/2-1/2"]
[WhiteElo "2052"]
[BlackElo "1732"]
[PlyCount "96"]
[EventDate "2001.02.16"]

1. Nf3 Nf6 2. d4 g6 3. g3 Bg7 4. c4 O-O 5. Bg2 d6 6. O-O Nc6 7. Nc3 Bf5 8. Nh4
Bd7 9. h3 Rb8 10. e3 e5 11. d5 Ne7 12. e4 Ne8 13. g4 Nxd5 14. cxd5 Qxh4 15. Be3
f5 16. exf5 gxf5 17. f3 a6 18. Qd2 Qe7 19. Rae1 f4 20. Bxf4 Qf7 21. Bg3 Qg6 22.
f4 exf4 23. Bxf4 Nf6 24. Re7 Rbe8 25. Rfe1 Rxe7 26. Rxe7 Re8 27. Rxe8+ Qxe8 28.
Qe3 Kf7 29. Kf2 Qxe3+ 30. Kxe3 b5 31. Bf3 h6 32. Kd3 Bc8 33. b4 Bb7 34. g5 hxg5
35. Bxg5 Nd7 36. Bh5+ Kf8 37. Bd8 Bxc3 38. Kxc3 Bxd5 39. Bxc7 Ke7 40. a3 Ne5
41. Be2 Kd7 42. Bb6 Ke6 43. h4 Nf3 44. Bxf3 Bxf3 45. Kd4 Bh5 46. Bd8 Bf3 47.
Ke3 Bd1 48. Kf4 Kd5 1/2-1/2